<?xml version="1.0" encoding="UTF-8"?>
<collection xmlns="http://www.loc.gov/MARC21/slim">
 <record>
  <leader>02203cam a2200493   4500</leader>
  <controlfield tag="001">1611892511</controlfield>
  <controlfield tag="003">DE-627</controlfield>
  <controlfield tag="005">20230610180535.0</controlfield>
  <controlfield tag="007">tu</controlfield>
  <controlfield tag="008">141114s2014    xx |||||      00| ||fre c</controlfield>
  <datafield tag="020" ind1=" " ind2=" ">
   <subfield code="a">9782351593967</subfield>
   <subfield code="9">978-2-35159-396-7</subfield>
  </datafield>
  <datafield tag="035" ind1=" " ind2=" ">
   <subfield code="a">(DE-627)1611892511</subfield>
  </datafield>
  <datafield tag="035" ind1=" " ind2=" ">
   <subfield code="a">(DE-576)417048351</subfield>
  </datafield>
  <datafield tag="035" ind1=" " ind2=" ">
   <subfield code="a">(DE-599)BSZ417048351</subfield>
  </datafield>
  <datafield tag="035" ind1=" " ind2=" ">
   <subfield code="a">(OCoLC)897392722</subfield>
  </datafield>
  <datafield tag="040" ind1=" " ind2=" ">
   <subfield code="a">DE-627</subfield>
   <subfield code="b">ger</subfield>
   <subfield code="c">DE-627</subfield>
   <subfield code="e">rakwb</subfield>
  </datafield>
  <datafield tag="041" ind1=" " ind2=" ">
   <subfield code="a">fre</subfield>
   <subfield code="a">ara</subfield>
  </datafield>
  <datafield tag="084" ind1=" " ind2=" ">
   <subfield code="a">6,22</subfield>
   <subfield code="a">1</subfield>
   <subfield code="2">ssgn</subfield>
  </datafield>
  <datafield tag="100" ind1="1" ind2=" ">
   <subfield code="a">Huot, Jean-Louis</subfield>
   <subfield code="d">1939-</subfield>
   <subfield code="0">(DE-588)143535110</subfield>
   <subfield code="0">(DE-627)704520931</subfield>
   <subfield code="0">(DE-576)16152298X</subfield>
   <subfield code="4">aut</subfield>
  </datafield>
  <datafield tag="245" ind1="1" ind2="3">
   <subfield code="a">L' E.babbar de Larsa aux IIe et Ier millénaires (fouilles de 1974 à 1985)</subfield>
   <subfield code="c">par Jean-Louis Huot</subfield>
  </datafield>
  <datafield tag="246" ind1="3" ind2="0">
   <subfield code="a">2. 1. premier deuxième</subfield>
  </datafield>
  <datafield tag="264" ind1=" " ind2="1">
   <subfield code="a">Beyrouth [u.a.]</subfield>
   <subfield code="b">Presses de l'IFPO</subfield>
   <subfield code="c">2014</subfield>
  </datafield>
  <datafield tag="300" ind1=" " ind2=" ">
   <subfield code="a"> XV,  291 S.</subfield>
   <subfield code="b">Ill., graph. Darst., Kt.</subfield>
  </datafield>
  <datafield tag="336" ind1=" " ind2=" ">
   <subfield code="a">Text</subfield>
   <subfield code="b">txt</subfield>
   <subfield code="2">rdacontent</subfield>
  </datafield>
  <datafield tag="337" ind1=" " ind2=" ">
   <subfield code="a">ohne Hilfsmittel zu benutzen</subfield>
   <subfield code="b">n</subfield>
   <subfield code="2">rdamedia</subfield>
  </datafield>
  <datafield tag="338" ind1=" " ind2=" ">
   <subfield code="a">Band</subfield>
   <subfield code="b">nc</subfield>
   <subfield code="2">rdacarrier</subfield>
  </datafield>
  <datafield tag="490" ind1="1" ind2=" ">
   <subfield code="a">Bibliothèque archéologique et historique</subfield>
   <subfield code="v">205</subfield>
  </datafield>
  <datafield tag="500" ind1=" " ind2=" ">
   <subfield code="a">Titelbl., Vorwort u. Zusammenfassung auch in arab. Schrift</subfield>
  </datafield>
  <datafield tag="583" ind1="1" ind2=" ">
   <subfield code="a">Archivierung/Langzeitarchivierung gewährleistet</subfield>
   <subfield code="f">SSG</subfield>
   <subfield code="2">pdager</subfield>
   <subfield code="5">DE-21</subfield>
  </datafield>
  <datafield tag="689" ind1="0" ind2="0">
   <subfield code="d">g</subfield>
   <subfield code="0">(DE-588)4099069-2</subfield>
   <subfield code="0">(DE-627)105947083</subfield>
   <subfield code="0">(DE-576)209348852</subfield>
   <subfield code="a">Larsa</subfield>
   <subfield code="2">gnd</subfield>
  </datafield>
  <datafield tag="689" ind1="0" ind2="1">
   <subfield code="d">s</subfield>
   <subfield code="0">(DE-588)4059416-6</subfield>
   <subfield code="0">(DE-627)10439403X</subfield>
   <subfield code="0">(DE-576)209130709</subfield>
   <subfield code="a">Tempel</subfield>
   <subfield code="2">gnd</subfield>
  </datafield>
  <datafield tag="689" ind1="0" ind2="2">
   <subfield code="d">s</subfield>
   <subfield code="0">(DE-588)4129464-6</subfield>
   <subfield code="0">(DE-627)104660694</subfield>
   <subfield code="0">(DE-576)209610735</subfield>
   <subfield code="a">Ausgrabung</subfield>
   <subfield code="2">gnd</subfield>
  </datafield>
  <datafield tag="689" ind1="0" ind2="3">
   <subfield code="a">z</subfield>
   <subfield code="2">gnd</subfield>
   <subfield code="a">Geschichte 1974-1985</subfield>
  </datafield>
  <datafield tag="689" ind1="0" ind2=" ">
   <subfield code="5">(DE-627)</subfield>
  </datafield>
  <datafield tag="787" ind1="0" ind2="8">
   <subfield code="i">Rezensiert in</subfield>
   <subfield code="a">Nicolle, Christophe, 1961 - </subfield>
   <subfield code="t">[Rezension von: Jean-Louis Huot, L'E.babbar de Larsa aux IIe et Ier millénaires (Fouilles de 1974 à 1985)f ]</subfield>
   <subfield code="d">2016</subfield>
   <subfield code="w">(DE-627)181760757X</subfield>
  </datafield>
  <datafield tag="830" ind1=" " ind2="0">
   <subfield code="a">Bibliothèque archéologique et historique</subfield>
   <subfield code="v">205</subfield>
   <subfield code="9">205</subfield>
   <subfield code="w">(DE-627)129976679</subfield>
   <subfield code="w">(DE-576)000196878</subfield>
   <subfield code="w">(DE-600)411325-1</subfield>
   <subfield code="x">0768-2506</subfield>
  </datafield>
  <datafield tag="856" ind1="4" ind2="2">
   <subfield code="u">https://swbplus.bsz-bw.de/bsz417048351inh.htm</subfield>
   <subfield code="m">B:DE-576;DE-21</subfield>
   <subfield code="q">application/pdf</subfield>
   <subfield code="v">20141205141950</subfield>
   <subfield code="x">Verlag</subfield>
   <subfield code="3">Inhaltsverzeichnis</subfield>
  </datafield>
  <datafield tag="951" ind1=" " ind2=" ">
   <subfield code="a">BO</subfield>
  </datafield>
  <datafield tag="990" ind1=" " ind2=" ">
   <subfield code="a">Larsa</subfield>
  </datafield>
  <datafield tag="990" ind1=" " ind2=" ">
   <subfield code="a">Tempel</subfield>
  </datafield>
  <datafield tag="990" ind1=" " ind2=" ">
   <subfield code="a">Ausgrabung</subfield>
  </datafield>
  <datafield tag="990" ind1=" " ind2=" ">
   <subfield code="a">Geschichte 1974-1985</subfield>
  </datafield>
  <datafield tag="991" ind1=" " ind2=" ">
   <subfield code="a">Rezensiertes Werk</subfield>
  </datafield>
  <datafield tag="999" ind1=" " ind2=" ">
   <subfield code="a">KXP-PPN1611892511</subfield>
   <subfield code="e">4194323084</subfield>
  </datafield>
 </record>
</collection>
